Дороги партизанские

Dades bibliogràfiques
Autor principal: Агаджанян В. В. Ваган Ваграмович
Idioma:rus
Publicat: Минск, Беларусь, 1989
Edició:2-е изд., перераб. и доп.
Matèries:
Format: MixedMaterials Llibre
KOHA link:https://koha.lib.tpu.ru/cgi-bin/koha/opac-detail.pl?biblionumber=168089

MARC

LEADER 00000nam0a2200000 4500
001 168089
005 20231031163014.0
010 |a 5338001594 
020 |a RU  |b 89-29037 
035 |a (RuTPU)RU\TPU\book\182369 
090 |a 168089 
100 |a 20091023d1989 m y0rusy5003 ca 
101 0 |a rus 
102 |a BY 
105 |a a z 000ay 
200 1 |a Дороги партизанские  |f В. В. Агаджанян 
205 |a 2-е изд., перераб. и доп. 
210 |a Минск  |c Беларусь  |d 1989 
215 |a 222,[1] с., [6] л. ил.  |c ил.  |d 21 см 
610 1 |a партизанское движение 
610 1 |a Белоруссия 
610 1 |a воспоминания 
610 1 |a записки 
686 |a Т3(2)722  |2 rubbk 
700 1 |a Агаджанян  |b В. В.  |g Ваган Ваграмович  |4 070 
801 0 |a RU  |b RuMRKP  |c 19950417  |g psbo 
801 1 |a RU  |b 63413507  |c 20091023 
801 2 |a RU  |b 63413507  |c 20140228  |g RCR 
942 |c BK